[Event "Bunratty Masters"]
[Site "?"]
[Date "2017.02.19"]
[Round "6"]
[White "Lopez, Alex"]
[Black "Short, Nigel"]
[Result "0-1"]
[WhiteElo "2417"]
[BlackElo "2675"]
[PlyCount "108"]
[EventDate "2017.??.??"]

1. Nf3 d5 2. d4 Nf6 3. c4 e6 4. Nc3 Be7 5. Bf4 O-O 6. Rc1 dxc4 7. e3 Nd5 8.
Bxc4 Nxf4 9. exf4 Bf6 10. O-O Nc6 11. Ne2 g6 12. Qd2 b6 13. Bb5 Ne7 14. Ne5 Bb7
15. f3 Bg7 16. Rfd1 c6 17. Ba4 Rc8 18. a3 a5 19. Qe3 Re8 20. Rc2 f6 21. Ng4 Nd5
22. Qc1 Qd6 23. Nf2 f5 24. Nd3 Red8 25. g3 Ba6 26. Ne5 c5 27. Kf2 Ne7 28. Bb3
Bxe2 29. Rxe2 cxd4 30. Qd2 Kf8 31. Nc4 Qd5 32. Qd3 a4 33. Ba2 b5 34. Nb6 Qxa2
35. Nxc8 Rxc8 36. Qxb5 Qc4 37. Qxc4 Rxc4 38. Rxe6 Nd5 39. Ke2 Ne3 40. Rd2 Rc1
41. Kd3 Kf7 42. Ra6 h5 43. Rxa4 h4 44. Ra7+ Kg8 45. gxh4 Rf1 46. Ke2 Rh1 47.
Kd3 Nd5 48. a4 Rc1 49. Ke2 Nxf4+ 50. Kf2 d3 51. Rd7 Bh6 52. a5 Nh3+ 53. Kg3
Bxd2 54. a6 Bf4+ 0-1

[Event "Bunratty Masters"]
[Site "?"]
[Date "2017.02.19"]
[Round "6"]
[White "Lalic, Bogdan"]
[Black "Hunt, Adam"]
[Result "1/2-1/2"]
[WhiteElo "2449"]
[BlackElo "2424"]
[PlyCount "33"]
[EventDate "2017.??.??"]

1. d4 d5 2. c4 c6 3. Nf3 Nf6 4. Nc3 e6 5. Bg5 Nbd7 6. e3 Be7 7. Qc2 O-O 8.
O-O-O a6 9. Kb1 b5 10. c5 a5 11. Bd3 b4 12. Na4 Ba6 13. Bxa6 Rxa6 14. h4 Ne4
15. Bf4 f6 16. Qe2 Ra8 17. Ne1 1/2-1/2

[Event "Bunratty Masters"]
[Site "?"]
[Date "2017.02.19"]
[Round "6"]
[White "Speelman, Jonathan"]
[Black "Bates, Richard"]
[Result "0-1"]
[WhiteElo "2522"]
[BlackElo "2347"]
[PlyCount "64"]
[EventDate "2017.??.??"]

1. d4 Nf6 2. c4 e6 3. Nf3 Bb4+ 4. Bd2 a5 5. g3 d6 6. Bg2 Nbd7 7. O-O e5 8. e3
c6 9. Bc1 e4 10. Nh4 d5 11. a3 Be7 12. cxd5 cxd5 13. f3 O-O 14. Nc3 exf3 15.
Qxf3 Nb6 16. Nf5 Be6 17. g4 Re8 18. g5 Ne4 19. h4 Bf8 20. Nxe4 dxe4 21. Qf2 Bc4
22. Bd2 Nc8 23. d5 Qxd5 24. Bc3 Bxf1 25. Nh6+ Kh8 26. Nxf7+ Kg8 27. Rxf1 Nd6
28. Nh6+ Kh8 29. a4 Be7 30. Ng4 Rf8 31. Nf6 Qe6 32. Kh2 Ne8 0-1

[Event "Bunratty Masters"]
[Site "Bunratty Co. Clare, IRL"]
[Date "2017.02.19"]
[Round "6"]
[White "Wells, Peter"]
[Black "Pogan, Nikolas"]
[Result "1/2-1/2"]
[WhiteElo "2428"]
[BlackElo "2283"]
[PlyCount "35"]
[EventDate "2017.??.??"]

1. d4 d5 2. c4 c6 3. Nf3 Nf6 4. Nc3 g6 5. Bf4 Bg7 6. e3 O-O 7. h3 Qa5 8. Nd2
Nbd7 9. Be2 Re8 10. cxd5 Nxd5 11. Nxd5 Qxd5 12. Bc4 Qa5 13. Qb3 e6 14. Bd6 Qb6
15. Ne4 h6 16. Ba3 Qxb3 17. Bxb3 Nf6 18. Nxf6+ 1/2-1/2

[Event "Bunratty Masters"]
[Site "Bunratty Co. Clare, IRL"]
[Date "2017.02.19"]
[Round "6"]
[White "L'Ami, Alina"]
[Black "Wallace, Paul A"]
[Result "1-0"]
[WhiteElo "2324"]
[BlackElo "2204"]
[PlyCount "79"]
[EventDate "2017.??.??"]

1. d4 Nf6 2. c4 g6 3. Nc3 Bg7 4. e4 d6 5. Be2 c5 6. Nf3 cxd4 7. Nxd4 O-O 8. O-O
Nc6 9. Nc2 Nd7 10. Nd5 Nc5 11. f3 a5 12. Rb1 Be6 13. Be3 Bxd5 14. exd5 Nb4 15.
a3 Nxc2 16. Qxc2 a4 17. f4 f5 18. Rfe1 Qd7 19. Bxc5 dxc5 20. Bd3 Ra6 21. g3 Re8
22. b4 e5 23. fxe5 Rxe5 24. Rxe5 Bxe5 25. b5 Ra8 26. Re1 Bd4+ 27. Kg2 f4 28.
Qe2 Rf8 29. gxf4 Rxf4 30. Qe8+ Qxe8 31. Rxe8+ Rf8 32. Re2 b6 33. Bc2 Kf7 34.
Bxa4 Ra8 35. Bd1 Rxa3 36. Re6 Rc3 37. Rxb6 Rxc4 38. d6 Rb4 39. d7 Ke7 40. Bg4
1-0

[Event "Bunratty Masters"]
[Site "Bunratty Co. Clare, IRL"]
[Date "2017.02.19"]
[Round "6"]
[White "Prilleltensky, Matan"]
[Black "Hebden, Mark"]
[Result "0-1"]
[WhiteElo "2195"]
[BlackElo "2486"]
[PlyCount "82"]
[EventDate "2017.??.??"]

1. d4 Nf6 2. c4 g6 3. Nc3 Bg7 4. e4 d6 5. Nge2 a6 6. f3 O-O 7. Be3 Nc6 8. Qd2
Na5 9. Nc1 Nd7 10. Be2 c5 11. O-O cxd4 12. Bxd4 Ne5 13. b3 Nac6 14. Be3 Qa5 15.
Rb1 Qxc3 16. Qxc3 Nxf3+ 17. gxf3 Bxc3 18. Rd1 f5 19. c5 fxe4 20. cxd6 exd6 21.
Bc4+ Kg7 22. fxe4 Bh3 23. Ne2 Be5 24. Nd4 Nxd4 25. Bxd4 Rf4 26. Bxe5+ dxe5 27.
Rd3 Rh4 28. Bd5 Rc8 29. Bxb7 Rc2 30. Rbd1 Rg2+ 31. Kh1 Rxa2 32. R3d2 Rxd2 33.
Rxd2 a5 34. Bd5 Rf4 35. Rd1 Kf6 36. Rg1 h5 37. Rg3 Rf1+ 38. Rg1 Rxg1+ 39. Kxg1
Be6 40. Kf2 Bxd5 41. exd5 Ke7 0-1

[Event "Bunratty Masters"]
[Site "Bunratty Co. Clare, IRL"]
[Date "2017.02.19"]
[Round "6"]
[White "Baburin, Alexander"]
[Black "O'Gorman, Tom"]
[Result "1-0"]
[WhiteElo "2481"]
[BlackElo "2100"]
[PlyCount "99"]
[EventDate "2017.??.??"]

1. d4 Nf6 2. c4 g6 3. Nf3 Bg7 4. g3 O-O 5. Bg2 d6 6. O-O Nc6 7. Nc3 a6 8. Qd3
e5 9. dxe5 dxe5 10. Qxd8 Rxd8 11. Bg5 Be6 12. Nd2 h6 13. Bxf6 Rxd2 14. Bxg7
Kxg7 15. Bxc6 bxc6 16. b3 Rad8 17. Rfd1 Bf5 18. Kf1 h5 19. Ke1 R2d6 20. Rac1 h4
21. f3 hxg3 22. hxg3 Rh8 23. Kf2 Rhd8 24. g4 Bc8 25. Rh1 Rd2 26. Rcd1 R2d6 27.
Ke3 f5 28. gxf5 gxf5 29. f4 Rxd1 30. Rxd1 Rxd1 31. Nxd1 Kf6 32. Nb2 Ke6 33. Nd3
exf4+ 34. Kd4 Kd6 35. b4 Be6 36. Nxf4 Bc8 37. c5+ Ke7 38. Ke5 Kf7 39. e3 Bd7
40. a3 Bc8 41. a4 Bd7 42. a5 Bc8 43. Ne2 Bd7 44. Nd4 Kg6 45. Ne6 Bxe6 46. Kxe6
Kg5 47. Kd7 Kg4 48. Kxc6 Kf3 49. b5 axb5 50. a6 1-0

[Event "Bunratty Masters"]
[Site "Bunratty Co. Clare, IRL"]
[Date "2017.02.19"]
[Round "6"]
[White "Pein, Malcolm"]
[Black "Pein, Jonathan"]
[Result "1/2-1/2"]
[WhiteElo "2345"]
[BlackElo "2223"]
[PlyCount "52"]
[EventDate "2017.??.??"]

1. e4 d5 2. e5 c5 3. f4 Bf5 4. Nf3 e6 5. g3 Nc6 6. Bg2 Qb6 7. d3 Be7 8. O-O h5
9. h3 Nh6 10. Rf2 O-O-O 11. c3 Kb8 12. Na3 f6 13. Nc2 fxe5 14. fxe5 Rdf8 15.
Be3 h4 16. gxh4 Qa6 17. Bf1 Bg6 18. d4 Qb6 19. dxc5 Bxc5 20. Bxc5 Qxc5 21. Ncd4
Nxd4 22. Qxd4 Qe7 23. Bg2 Nf5 24. Qf4 Qc5 25. b4 Qxc3 26. Rc1 Qe3 1/2-1/2

[Event "Bunratty Masters"]
[Site "Bunratty Co. Clare, IRL"]
[Date "2017.02.19"]
[Round "6"]
[White "Murray, David B"]
[Black "Walton, Alan"]
[Result "0-1"]
[WhiteElo "2098"]
[BlackElo "2211"]
[PlyCount "66"]
[EventDate "2017.??.??"]

1. e4 e6 2. d4 d5 3. Nc3 Nf6 4. Bg5 Be7 5. e5 Nfd7 6. h4 c5 7. Bxe7 Kxe7 8. f4
cxd4 9. Qxd4 Nc6 10. Qd2 Qa5 11. Nf3 a6 12. O-O-O b5 13. Nd4 Qb6 14. Nf5+ Kf8
15. Nd6 Qa5 16. Qe2 b4 17. Qh5 Nd8 18. Ne2 Qxa2 19. Nd4 Nc5 20. Nc6 Ne4 21.
Nxe4 Nxc6 22. Nd6 Nd8 23. Rh3 Qa1+ 24. Kd2 Qxb2 25. Rg3 Bd7 26. Qg5 Rg8 27. Bd3
h6 28. Qg4 f5 29. Qh5 Qd4 30. Rf1 Rc8 31. Nxc8 Bxc8 32. Rgf3 Bd7 33. g4 Be8 0-1

[Event "Bunratty Masters"]
[Site "Bunratty Co. Clare, IRL"]
[Date "2017.02.19"]
[Round "6"]
[White "Wall, Tim P"]
[Black "Gheorghiu, Calin"]
[Result "1/2-1/2"]
[WhiteElo "2193"]
[BlackElo "2312"]
[PlyCount "53"]
[EventDate "2017.??.??"]

1. d4 Nf6 2. Bf4 e6 3. e3 d5 4. Nd2 c5 5. c3 Nc6 6. Bd3 b6 7. Ngf3 Bd6 8. Bg3
O-O 9. Ne5 Bb7 10. f4 Ne7 11. Qb1 g6 12. Bf2 cxd4 13. exd4 Nf5 14. O-O Be7 15.
Qc2 Nd6 16. Bh4 Nfe4 17. Bxe7 Qxe7 18. a4 Rac8 19. Rae1 Qh4 20. Re3 Qd8 21. Qd1
a6 22. Qe2 f6 23. Ng4 b5 24. axb5 axb5 25. Nf2 b4 26. Nfxe4 dxe4 27. Nxe4
1/2-1/2

[Event "Bunratty Masters"]
[Site "Bunratty Co. Clare, IRL"]
[Date "2017.02.19"]
[Round "6"]
[White "Short, Philip"]
[Black "Byrne, Alex"]
[Result "1-0"]
[WhiteElo "2239"]
[BlackElo "1942"]
[PlyCount "77"]
[EventDate "2017.??.??"]

1. d4 Nf6 2. c4 g6 3. Nc3 Bg7 4. g3 O-O 5. Bg2 d6 6. e4 e5 7. d5 a5 8. Nge2 Na6
9. O-O Nc5 10. h3 Ne8 11. Be3 f5 12. exf5 gxf5 13. f4 e4 14. Qd2 h5 15. h4 Nf6
16. Bd4 a4 17. Nd1 c6 18. Ne3 Bd7 19. Bh3 Qc8 20. Rab1 Nd3 21. Bc3 cxd5 22.
cxd5 Qc5 23. Bd4 Qa5 24. Qxa5 Rxa5 25. Bxf5 Bxf5 26. Nxf5 Ne8 27. Ne3 Nf6 28.
Nc3 Kf7 29. Nf5 Bh8 30. Nxd6+ Ke7 31. Nc4 Raa8 32. Bxf6+ Bxf6 33. Nxe4 Bd4+ 34.
Kh2 Rac8 35. b3 b5 36. Ncd2 Rc2 37. Kh3 Rxa2 38. bxa4 bxa4 39. Rb7+ 1-0

[Event "Bunratty Masters"]
[Site "Bunratty Co. Clare, IRL"]
[Date "2017.02.19"]
[Round "6"]
[White "Li, Henry"]
[Black "Houston, David"]
[Result "0-1"]
[WhiteElo "2150"]
[BlackElo "2219"]
[PlyCount "84"]
[EventDate "2017.??.??"]

1. e4 e5 2. Nf3 Nc6 3. Bc4 Be7 4. d4 d6 5. d5 Nb8 6. Bd3 Nf6 7. c4 O-O 8. O-O
Ne8 9. Be3 g6 10. Nfd2 f5 11. f3 f4 12. Bf2 g5 13. b4 Rf7 14. Nc3 h5 15. c5 g4
16. cxd6 cxd6 17. Kh1 Rg7 18. Qe1 Na6 19. Bxa6 bxa6 20. Nc4 h4 21. fxg4 Bxg4
22. h3 Bxh3 23. gxh3 Qc8 24. Kh2 Qxc4 25. Rc1 Rc8 26. a3 Qd3 27. Rg1 Rg3 28.
Bxg3 fxg3+ 29. Kh1 Bg5 30. Qf1 Rxc3 31. Rxc3 Qxc3 32. Qf5 Qe3 33. Qe6+ Kf8 34.
Rf1+ Bf4 35. Qf5+ Ke7 36. Qh7+ Kd8 37. Qxh4+ Kc8 38. Qg4+ Kb7 39. Qd7+ Nc7 40.
Qc6+ Kb8 41. Qc2 Nb5 42. Qg2 Nc3 0-1

[Event "Bunratty Masters"]
[Site "Bunratty Co. Clare, IRL"]
[Date "2017.02.19"]
[Round "6"]
[White "Haussernot, Cecile"]
[Black "Delaney, Killian"]
[Result "0-1"]
[WhiteElo "2120"]
[BlackElo "2203"]
[PlyCount "32"]
[EventDate "2017.??.??"]

1. e4 c6 2. d3 d5 3. Nd2 e5 4. Ngf3 Bd6 5. Be2 f5 6. exf5 Bxf5 7. Nf1 Nf6 8.
Bg5 h6 9. Nh4 Bh7 10. Bh5+ Kd7 11. Bxf6 Qxf6 12. Qg4+ Kc7 13. Bg6 Bxg6 14. Nxg6
h5 15. Qg3 h4 16. Qg4 Rh6 0-1

[Event "Bunratty Masters"]
[Site "Bunratty Co. Clare, IRL"]
[Date "2017.02.19"]
[Round "6"]
[White "Gelip, Ioana"]
[Black "O'Connor, Jonathan"]
[Result "1-0"]
[WhiteElo "2202"]
[BlackElo "2126"]
[PlyCount "101"]
[EventDate "2017.??.??"]

1. e4 e6 2. d4 d5 3. Nc3 Bb4 4. e5 c5 5. Bd2 Nc6 6. Nb5 Bxd2+ 7. Qxd2 cxd4 8.
Nd6+ Kf8 9. f4 Qa5 10. Qxa5 Nxa5 11. Nf3 Nc6 12. O-O-O Nge7 13. Ng5 Nd8 14.
Rxd4 h6 15. Nf3 Bd7 16. Be2 Nc8 17. Nxc8 Rxc8 18. Rb4 Rc7 19. Rd1 Ke7 20. Nd4
Nc6 21. Nxc6+ Bxc6 22. Rd3 Rb8 23. Rg3 g6 24. Rh3 h5 25. Ra3 Ra8 26. Rc3 Rac8
27. Kd2 d4 28. Rxd4 Bxg2 29. Rxc7+ Rxc7 30. h4 f6 31. exf6+ Kxf6 32. c4 Rc6 33.
Bd3 e5 34. fxe5+ Kxe5 35. Rd7 Rb6 36. Kc3 Kf6 37. Rd8 Re6 38. Kd4 Bc6 39. b4 g5
40. Rh8 Be8 41. Rh6+ Ke7 42. hxg5 Rxh6 43. gxh6 Kf6 44. h7 Kg7 45. Ke5 h4 46.
Be4 Bc6 47. Bxc6 bxc6 48. Kf4 Kxh7 49. c5 Kg6 50. b5 Kf6 51. b6 1-0

[Event "Bunratty Masters"]
[Site "Bunratty Co. Clare, IRL"]
[Date "2017.02.19"]
[Round "6"]
[White "Yin, Stanley"]
[Black "Gayson, Peter"]
[Result "1/2-1/2"]
[WhiteElo "2198"]
[BlackElo "2148"]
[PlyCount "37"]
[EventDate "2017.??.??"]

1. g3 f5 2. Bg2 d6 3. d4 g6 4. h4 Nh6 5. Nf3 Nf7 6. c3 Nc6 7. h5 Bg7 8. hxg6
hxg6 9. Rxh8+ Nxh8 10. Qb3 e6 11. d5 exd5 12. Ng5 Bf6 13. Nh7 Qe7 14. Nxf6+
Qxf6 15. Be3 Nf7 16. Bxd5 Nfd8 17. Na3 Be6 18. Nb5 Kd7 19. Nd4 1/2-1/2

[Event "Bunratty Masters"]
[Site "Bunratty Co. Clare, IRL"]
[Date "2017.02.19"]
[Round "6"]
[White "Sudolski, Sylwester"]
[Black "Rawlinson, Aidan"]
[Result "1-0"]
[WhiteElo "2027"]
[BlackElo "2199"]
[PlyCount "49"]
[EventDate "2017.??.??"]

1. e4 g6 2. d4 Bg7 3. Nf3 d6 4. Bc4 Nf6 5. Qe2 O-O 6. O-O Bg4 7. e5 dxe5 8.
dxe5 Nd5 9. Rd1 c6 10. Bb3 Nd7 11. c4 N5b6 12. c5 Nd5 13. Bxd5 cxd5 14. Rxd5
Qc7 15. Bf4 e6 16. Rd6 Bxf3 17. gxf3 Nxc5 18. Nc3 Rfc8 19. Rad1 Bf8 20. R6d4
Rd8 21. Nb5 Qb6 22. Nd6 Bxd6 23. Rxd6 Rxd6 24. Rxd6 Qc7 25. Qd2 1-0

[Event "Bunratty Masters"]
[Site "Bunratty Co. Clare, IRL"]
[Date "2017.02.19"]
[Round "6"]
[White "Doyle, Hugh"]
[Black "Fox, Anthony"]
[Result "1/2-1/2"]
[WhiteElo "2044"]
[BlackElo "1969"]
[PlyCount "66"]
[EventDate "2017.??.??"]

1. c4 e6 2. g3 d5 3. Nf3 Nf6 4. Bg2 Be7 5. O-O O-O 6. d4 dxc4 7. Qc2 a6 8. a4
Bd7 9. Ne5 Bc6 10. Nxc6 Nxc6 11. Bxc6 bxc6 12. Rd1 Qd5 13. Na3 Rfd8 14. Nxc4 c5
15. Bf4 Rac8 16. dxc5 Qxc5 17. Rxd8+ Rxd8 18. Rc1 Ng4 19. e4 g5 20. Be3 Nxe3
21. Nxe3 Qxc2 22. Rxc2 c5 23. Kf1 Rd4 24. Rc4 Rd2 25. Nc2 Rd1+ 26. Ne1 Rd2 27.
b3 Rb2 28. Nd3 Rxb3 29. Nxc5 Rb1+ 30. Ke2 a5 31. e5 Kg7 32. Ne4 Bb4 33. g4 h6
1/2-1/2

[Event "Bunratty Masters"]
[Site "Bunratty Co. Clare, IRL"]
[Date "2017.02.19"]
[Round "6"]
[White "Nettleton, Charlie"]
[Black "Tirziman, Rudolf"]
[Result "1-0"]
[WhiteElo "2162"]
[BlackElo "2013"]
[PlyCount "41"]
[EventDate "2017.??.??"]

1. e4 e6 2. Nf3 d5 3. e5 Ne7 4. b4 a5 5. b5 Nd7 6. d4 Nf5 7. Bd3 Be7 8. O-O c5
9. c3 a4 10. c4 dxc4 11. Bxf5 exf5 12. d5 h6 13. Nc3 Bg5 14. Nxa4 Qa5 15. e6
Qxa4 16. exd7+ Bxd7 17. Qe2+ Kf8 18. Bxg5 hxg5 19. Qe5 Rh6 20. Qc7 Bxb5 21. Ne5
1-0

[Event "Bunratty Masters"]
[Site "Bunratty Co. Clare, IRL"]
[Date "2017.02.19"]
[Round "6"]
[White "van Empel, Fred"]
[Black "Schenning, Albert"]
[Result "1/2-1/2"]
[WhiteElo "2140"]
[BlackElo "2010"]
[PlyCount "83"]
[EventDate "2017.??.??"]

1. d4 Nf6 2. c4 g6 3. Nc3 d5 4. Bg5 Ne4 5. Bh4 Nxc3 6. bxc3 Bg7 7. cxd5 Qxd5 8.
Qb3 Qxb3 9. axb3 c5 10. e3 cxd4 11. cxd4 O-O 12. Bxe7 Re8 13. Bc5 Nc6 14. Be2
Be6 15. Nf3 Bxb3 16. Rb1 Bd5 17. Kd2 b6 18. Ba3 Na5 19. Bb4 Nc4+ 20. Bxc4 Bxc4
21. Rhc1 b5 22. Ra1 a6 23. Ba5 f5 24. g3 Bd5 25. Ne1 Bf8 26. Nd3 Be4 27. Nc5
Rec8 28. Nd7 Kf7 29. f3 Bb7 30. Kd3 Rxc1 31. Rxc1 Rc8 32. Rxc8 Bxc8 33. Ne5+
Ke6 34. e4 Bb7 35. Bc7 fxe4+ 36. fxe4 Bd6 37. Bxd6 Kxd6 38. Nf3 a5 39. Nd2 Ba6
40. Kc3 b4+ 41. Kb3 Kc6 42. Nc4 1/2-1/2

[Event "Bunratty Masters"]
[Site "Bunratty Co. Clare, IRL"]
[Date "2017.02.19"]
[Round "6"]
[White "Mulligan, Scott"]
[Black "Moran, Stephen"]
[Result "1/2-1/2"]
[WhiteElo "2065"]
[BlackElo "2119"]
[PlyCount "25"]
[EventDate "2017.??.??"]

1. e4 e6 2. d4 d5 3. exd5 exd5 4. c3 Nc6 5. Bd3 Bd6 6. Qf3 Be6 7. Ne2 Qd7 8. h3
O-O-O 9. Bf4 Nge7 10. Nd2 Bf5 11. Bxd6 Bxd3 12. Qxd3 Qxd6 13. O-O 1/2-1/2

[Event "Bunratty Masters"]
[Site "Bunratty Co. Clare, IRL"]
[Date "2017.02.19"]
[Round "6"]
[White "van der Zwet, Bart"]
[Black "Cafolla, Peter"]
[Result "1-0"]
[WhiteElo "2118"]
[BlackElo "1976"]
[PlyCount "113"]
[EventDate "2017.??.??"]

1. e4 c5 2. Nf3 Nc6 3. d4 cxd4 4. Nxd4 Nf6 5. Nc3 e5 6. Ndb5 d6 7. Bg5 a6 8.
Na3 b5 9. Nd5 Be7 10. Nxf6+ Bxf6 11. Bxf6 Qxf6 12. c3 Bb7 13. Be2 O-O 14. Qd2
Rac8 15. O-O Ne7 16. Bf3 Ng6 17. Rfe1 Nh4 18. Bg4 Rcd8 19. Qe3 Ng6 20. Rad1 d5
21. Qa7 Qe7 22. exd5 f5 23. d6 Rxd6 24. Rxd6 Qxd6 25. Rd1 Qc6 26. Bf3 e4 27.
Be2 Nf4 28. Kf1 Ne6 29. Nc2 Ra8 30. Qe3 f4 31. Qh3 Rf8 32. Nb4 Qe8 33. Rd6 Nc5
34. Qh5 Qxh5 35. Bxh5 g6 36. Bd1 Kg7 37. Bc2 Rf6 38. Rd4 g5 39. Nd5 Rd6 40.
Nxf4 Rxd4 41. cxd4 gxf4 42. dxc5 a5 43. a3 Kf6 44. Ke2 Ke5 45. g3 fxg3 46. hxg3
Kd4 47. b4 axb4 48. axb4 Kc3 49. Bb1 Kb2 50. Bxe4 Bxe4 51. Ke3 Bc6 52. Kd4 Kb3
53. f4 Kxb4 54. f5 Ka3 55. f6 Be8 56. c6 b4 57. c7 1-0

[Event "Bunratty Masters"]
[Site "Bunratty Co. Clare, IRL"]
[Date "2017.02.19"]
[Round "6"]
[White "Wolferink, Frans"]
[Black "Harding, Tim"]
[Result "0-1"]
[WhiteElo "2095"]
[BlackElo "1959"]
[PlyCount "104"]
[EventDate "2017.??.??"]

1. e4 c6 2. d4 d5 3. e5 Bf5 4. Nf3 e6 5. Be2 Nd7 6. Nbd2 Ne7 7. c4 dxc4 8. Nxc4
Nd5 9. O-O N7b6 10. Bg5 f6 11. exf6 gxf6 12. Bh4 Be7 13. Rc1 Qd7 14. Qd2 Bb4
15. Qd1 O-O 16. a3 Nxc4 17. Bxc4 Ba5 18. Bg3 Bc7 19. Bxd5 exd5 20. Nh4 Bxg3 21.
hxg3 Be4 22. f3 Bg6 23. Qd2 Qd6 24. Kf2 Rae8 25. Nxg6 hxg6 26. Qh6 Re7 27. Rh1
Rg7 28. Rce1 c5 29. Qe3 b6 30. Rh4 Rff7 31. Qe6 Qxe6 32. Rxe6 Rc7 33. Re8+ Kf7
34. Rhh8 g5 35. Ke3 Re7+ 36. Rxe7+ Kxe7 37. dxc5 bxc5 38. Rc8 Kd6 39. Rf8 Re7+
40. Kd3 Re6 41. Rd8+ Kc6 42. Rc8+ Kb5 43. Rb8+ Rb6 44. Rd8 d4 45. b3 Re6 46.
Rb8+ Kc6 47. Kc4 Re3 48. Rc8+ Kd6 49. b4 Rc3+ 50. Kb5 cxb4 51. Rd8+ Ke7 52.
Rxd4 bxa3 0-1

[Event "Bunratty Masters"]
[Site "Bunratty Co. Clare, IRL"]
[Date "2017.02.19"]
[Round "6"]
[White "Melaugh, Gavin"]
[Black "Schockenbaeumer, Dirk"]
[Result "1/2-1/2"]
[WhiteElo "1936"]
[BlackElo "2155"]
[PlyCount "80"]
[EventDate "2017.??.??"]

1. c4 Nf6 2. Nc3 e5 3. g3 Nc6 4. Bg2 Bb4 5. e4 O-O 6. Nge2 Re8 7. d3 Nd4 8. O-O
Nxe2+ 9. Nxe2 c6 10. a3 Bf8 11. Nc3 Bc5 12. h3 Bd4 13. Qf3 d6 14. Be3 Be6 15.
Bxd4 exd4 16. Ne2 d5 17. exd5 cxd5 18. Nxd4 dxc4 19. Nxe6 Rxe6 20. dxc4 Rb8 21.
Rfd1 Qe7 22. Qc3 Ne4 23. Bxe4 Rxe4 24. Re1 Re8 25. Rxe4 Qxe4 26. Rd1 h5 27. Qd3
Qe5 28. b4 h4 29. g4 g6 30. c5 Re7 31. Qd2 Kh7 32. f4 Qe4 33. Qf2 Kg8 34. f5 g5
35. Rd8+ Kh7 36. f6 Re6 37. Rd6 Kg6 38. Rxe6 Qxe6 39. b5 Qxf6 40. Qc2+ Kg7
1/2-1/2